| Tag |
First Indicator |
Second Indicator |
Subfields |
| LEADER |
00000nam a22000001i 4500 |
| 001 |
in00004758113 |
| 006 |
m|||||o||d|||||||| |
| 007 |
cr ||||||||||| |
| 008 |
201215s2018 caua fob 001 0 eng d |
| 005 |
20231120174208.4 |
| 020 |
|
|
|a 9781506356259 (ebook) :
|c No price
|
| 035 |
|
|
|a (OCoLC)989820833
|
| 035 |
|
|
|a (CaToSAGE)SAGE000011289
|
| 040 |
|
|
|a CaToSAGE
|b eng
|c CaToSAGE
|e rda
|e pn
|d UtOrBLW
|
| 043 |
|
|
|a n-us---
|
| 050 |
0 |
0 |
|a LC1099.3
|b .L554 2018
|
| 082 |
0 |
0 |
|a 370.1170973
|2 23
|
| 100 |
1 |
|
|a Lindsey, Delores B.,
|e author.
|
| 245 |
1 |
0 |
|a Culturally proficient inclusive schools :
|b all means ALL! /
|c Delores B. Lindsey, Jacqueline S. Thousand, Cynthia L. Jew, Lori R. Piowlski.
|
| 264 |
|
1 |
|a Thousand Oaks :
|b Corwin,
|c 2018.
|
| 300 |
|
|
|a 1 online resource (300 pages) :
|b illustrations
|
| 336 |
|
|
|a text
|b txt
|2 rdacontent
|
| 337 |
|
|
|a computer
|b c
|2 rdamedia
|
| 338 |
|
|
|a online resource
|b cr
|2 rdacarrier
|
| 504 |
|
|
|a Includes bibliographical references and index.
|
| 520 |
8 |
|
|a Create inclusive educational environments that benefit ALL learners! As schools become more diverse with students of differing abilities and needs, this self-reflective and action-oriented guide helps you create and support more inclusive schools and classrooms that intentionally educate all students. Using the Five Essential Elements of Cultural Proficiency as a roadmap, this book presents: • Students' learning differences as just that - differences rather than deficits • Strategies that show you how to break though the common barriers to culturally proficient and inclusive schooling • Assessments that gauge your awareness and show you how to best serve every student's needs.
|
| 588 |
|
|
|a Description based on XML content.
|
| 650 |
|
0 |
|a Multicultural education
|z United States.
|
| 650 |
|
0 |
|a School management and organization
|x Social aspects
|z United States.
|
| 650 |
|
0 |
|a Community and school
|z United States.
|
| 650 |
|
0 |
|a Educational equalization
|z United States.
|
| 650 |
|
0 |
|a Education
|x Demographic aspects
|z United States.
|
| 655 |
|
7 |
|a Electronic books.
|2 local
|
| 700 |
1 |
|
|a Thousand, Jacqueline S.,
|d 1950-
|e author.
|
| 700 |
1 |
|
|a Jew, Cynthia L.,
|e author.
|
| 700 |
1 |
|
|a Piowlski, Lori R.,
|e author.
|
| 710 |
2 |
|
|a Sage Publications.
|
| 776 |
0 |
8 |
|i Print version :
|z 9781506356242
|
| 856 |
4 |
0 |
|u http://proxy.library.tamu.edu/login?url=https://sk.sagepub.com/books/culturally-proficient-inclusive-schools
|z Connect to the full text of this electronic book
|t 0
|
| 955 |
|
|
|a SAGE Knowledge
|
| 999 |
f |
f |
|s 5fa6f99e-ee84-4399-af9c-8932b2935207
|i 6c57fea3-58bd-4d12-bc72-95a9646f1455
|t 0
|
| 952 |
f |
f |
|a Texas A&M University
|b College Station
|c Electronic Resources
|d Available Online
|t 0
|e LC1099.3 .L554 2018
|h Library of Congress classification
|
| 998 |
f |
f |
|a LC1099.3 .L554 2018
|t 0
|l Available Online
|